L'année 2006 - Statistiques

Statistiques générales
  • Ce quiz a été pris 91 fois
  • Le résultat moyen est 8 sur 28
Statistiques - réponses
Hint Réponse % Correct
Quelle réseau social a été lancé le 21 mars 2006? Twitter/X
88%
Quel pays a gagné la coupe du monde de football 2006 face à la France ? Italie
87%
Quelle équipe a gagné la Coupe de France de football en 2006 ? Paris Saint-Germain
58%
Quelle reine a fêté ses 80 ans le 21 avril 2006 ? Élisabeth II
51%
Quelle entreprise américaine a acheté YouTube le 9 octobre 2006 ? Google
46%
Quel console de jeux de salon a été lancée le 8 décembre 2006 ? Wii
46%
Quel mouvement islamiste et nationaliste palestinien constitué d'une branche politique et d'une branche armée a été victorieux aux élections législatives de 2006 ? Hamas
40%
Contre quel pays, Israël a eu un conflit armé de juillet à août 2006 ? Liban
39%
Dans quel pays a eu lieu l'attentat du marché Tcherkizovski tuant 14 personnes ? Russie
39%
Quelle personnalité politique a été choisie par les militants socialistes comme candidate du Parti socialiste à l'élection présidentielle de 2007 ? Ségolène Royal
36%
Dans quel pays Natascha Kampusch, âgée de 18 ans, enlevée en 1998 par Wolfgang Priklopil pour l'enfermer dans une cave de sa maison, a-t-elle réussit à s'enfuir après huit ans de captivité le 23 août 2006 ? Autriche
28%
Dans quel pays a eu lieu la Coupe d’Afrique des nations de football 2006 ? Egypte
27%
Quel ancien dictateur irakien déchu a entamé une grève de la faim, pour protester contre l'assassinat de son avocat ? Saddam Hussein
25%
Quelle organisation terroriste politico-militaire, d'idéologie salafiste djihadiste est naît le 13 octobre 2006 ? État islamique/Daech
24%
Quel ancien président de la République chilienne est mort cette année ? Augusto Pinochet
23%
Dans quel pays a eu lieu un séisme de 5,9 degrés le 27 mai 2006 causant la mort de 5 000 personnes ? Indonésie
20%
Dans quel pays, Michelle Bachelet a-t-elle été élue première femme présidente de son pays ? Chili
19%
Quel pays a obtenu son indépendance et a été admis à l’ONU en juin 2006 ? Monténégro
19%
En France, la mise en place de quel contrat de travail a suscité une large mobilisation de protestation ? Contrat première embauche
18%
Quel humoriste français connu pour ses créations d'histoires débonnaire ou des jeux de mots subtils est mort cette année ? Raymond Devos
13%
Quelle chaîne française d'information internationale en continu a été lancée le 6 décembre 2006 ? France 24
12%
Quel musicien et chanteur connu pour des titres comme "I Got You (I Feel Good)" ou "Papa's Got a Brand New Bag" est mort cette année ? James Brown
11%
Comment s'appelle le réalisateur du "Corniaud", de "La Grande Vadrouille" ou encore "Les Aventures de Rabbi Jacob" qui est mort cette année ? Gérard Oury
10%
Depuis quelle ville française démarre le Tour de France de l'année 2006 ? Strasbourg
10%
Dans quel pays, un coup d’État lancé par l'armée contre le Premier ministre Thaksin Shinawatra a-t-il eu lieu ? Thaïlande
10%
Quel est l’architecte qui a confectionné le musée du Quai Branly, inauguré cette année ? Jean Nouvel
8%
Quelle banque française a été créé cette année ? La Banque Postale
6%
Comment s’appelle la première sonde spatiale à destination de la planète Pluton ? New Horizons
1%
Aucun quiz correspondant
Distribution des résultats
% des personnes avec chaque résultat
Percentile par nombre de réponses
Votre historique - résultats
Vous n’avez pas pris ce quiz